| 000 | 00612nam a22001577a 4500 | ||
|---|---|---|---|
| 003 | OSt | ||
| 005 | 20150914161320.0 | ||
| 008 | 150914b xxu||||| |||| 00| 0 eng d | ||
| 040 | _cRUA | ||
| 082 | _aAGR KHA 1999 BOO25 Or1 | ||
| 100 |
_9471 _aKHA , SOPHAT |
||
| 245 | _aFamily chsh-crop production in srey santhor district, kampongcham province, (ផលិតកម្មតូបិយ ជាលក្ខណៈគ្រួសារនៅស្រុកស្រីសន្ធរ ខេត្តកំពង់ចាម). | ||
| 260 |
_aphnom phen _bRUA _c1999 |
||
| 300 |
_a53P. _bILL. _c29CM. |
||
| 942 |
_2ddc _cAGR |
||
| 999 |
_c453 _d453 |
||